[Event "Ceske Budejovice op"]
[Site "Ceske Budejovice"]
[Date "1996.??.??"]
[Round "6"]
[White "Jurka, Miroslav"]
[Black "Stripunsky, Alexander"]
[Result "1/2-1/2"]
[WhiteElo "2340"]
[BlackElo "2440"]

1.Nf3 d5 2.d4 c6 3.c4 Nf6 4.Nc3 e6 5.e3 Nbd7 6.Bd3 dxc4 7.Bxc4 b5 8.Be2 Bb7
9.O-O b4 10.Na4 Be7 11.Qc2 O-O 12.a3 a5 13.Rd1 c5 14.Nxc5 Nxc5 15.dxc5 Qc7
16.Bd2 Qxc5 17.Qxc5 Bxc5 18.axb4 axb4 19.Ne5 Be7 20.Bf3 Ne4 21.Be1 Bd5 22.Nd3 Rab8
23.Ra7 Rfe8 24.Nf4 Bc5 25.Rc7 Bd6 26.Nxd5 exd5 27.Rd7 Be5 28.R7xd5 Nf6 29.R5d3 Bxb2
30.Rb3 Ba3 31.Rdb1 Rec8 32.g3 g6 33.Bxb4 Rc1+ 34.Rxc1 Bxc1 35.Bd1 Ne4 36.Be1 Rd8
37.Be2 Bd2 38.Rd3 Rxd3 39.Bxd3 Bxe1 40.Bxe4 Kg7  1/2-1/2

[Event "Ceske Budejovice op"]
[Site "Ceske Budejovice"]
[Date "1996.??.??"]
[Round "7"]
[White "Tratar, Marko"]
[Black "Rapoport, Igor"]
[Result "1/2-1/2"]
[WhiteElo "2420"]
[BlackElo "2300"]

1.Nf3 d5 2.d4 c6 3.c4 Nf6 4.Nc3 e6 5.e3 Nbd7 6.Qc2 Bd6 7.Bd2 O-O 8.Bd3 dxc4
9.Bxc4 e5 10.O-O exd4 11.Nxd4 Ne5 12.Be2 Bc7 13.Rad1 Re8 14.h3 Qe7 15.Rfe1 Ng6
16.Nf3 Ne5 17.Nd4 Ng6 18.Nf3 Ne5  1/2-1/2

[Event "Ceske Budejovice op"]
[Site "Ceske Budejovice"]
[Date "1996.??.??"]
[Round "8"]
[White "Jurka, Miroslav"]
[Black "Lacina, Adolf"]
[Result "1/2-1/2"]
[WhiteElo "2340"]
[BlackElo "2205"]

1.Nf3 d5 2.d4 c6 3.c4 Nf6 4.Nc3 e6 5.e3 Nbd7 6.Bd3 dxc4 7.Bxc4 b5 8.Be2 Bb7
9.O-O Be7 10.e4 b4 11.e5 bxc3 12.exf6 Bxf6 13.bxc3 c5 14.Rb1  1/2-1/2

[Event "Capablanca mem-B"]
[Site "Cienfuegos"]
[Date "1996.??.??"]
[Round "2"]
[White "Alonso, Rene"]
[Black "Leyva, Hector"]
[Result "1/2-1/2"]
[WhiteElo "2425"]
[BlackElo "2385"]

1.d4 d5 2.c4 c6 3.Nc3 Nf6 4.e3 e6 5.Nf3 Nbd7 6.Bd3 dxc4 7.Bxc4 b5 8.Be2 b4
9.Na4 Qa5 10.O-O Ba6 11.Bxa6 Qxa6 12.a3 Qb5 13.axb4 Bxb4 14.Bd2 a5 15.Qc2 O-O
16.e4 h6 17.Be3 Rfe8 18.Rac1 Nxe4 19.Qxc6 Qxc6 20.Rxc6 Rac8 21.Rfc1 Rxc6
22.Rxc6  1/2-1/2

[Event "Capablanca mem-A"]
[Site "Cienfuegos"]
[Date "1996.??.??"]
[Round "4"]
[White "Garcia Ilundain, David"]
[Black "Vera, Reynaldo"]
[Result "1/2-1/2"]
[WhiteElo "2550"]
[BlackElo "2495"]

1.d4 Nf6 2.Nf3 d5 3.c4 c6 4.Nc3 e6 5.e3 Nbd7 6.Qc2 Bd6 7.Be2 O-O 8.O-O e5
9.cxd5 cxd5 10.dxe5 Nxe5 11.Rd1 Nxf3+ 12.Bxf3 Qc7 13.h3 Bh2+ 14.Kh1 Be5 15.Bd2 Be6
16.Be1 Rfd8 17.Rac1 Rac8 18.Qa4 Qb8 19.Qb5  1/2-1/2

[Event "Capablanca mem-B"]
[Site "Cienfuegos"]
[Date "1996.??.??"]
[Round "10"]
[White "Vilela, Jose Luis"]
[Black "Leyva, Hector"]
[Result "1-0"]
[WhiteElo "2435"]
[BlackElo "2385"]

1.d4 d5 2.c4 c6 3.Nf3 e6 4.e3 Nf6 5.Nc3 Nbd7 6.Qc2 Bd6 7.Be2 O-O 8.O-O Qe7
9.Rd1 dxc4 10.Bxc4 e5 11.Bb3 e4 12.Nd2 Re8 13.f3 exf3 14.Nxf3 Nf8 15.e4 Nxe4
16.Nxe4 Qxe4 17.Qxe4 Rxe4 18.Bxf7+ Kh8 19.Ng5 Re7 20.Rf1 Be6 21.Bxe6  1-0

[Event "Club Tres Peons"]
[Site "?"]
[Date "1996.??.??"]
[Round "4"]
[White "Yepes Martinez, Eduard"]
[Black "Jose Abril, Ramon"]
[Result "1/2-1/2"]
[WhiteElo "2290"]
[BlackElo "2390"]

1.d4 Nf6 2.c4 e6 3.Nf3 d5 4.Nc3 c6 5.e3 Nbd7 6.Qc2 b6 7.Be2 Bd6 8.O-O Bb7
9.Rd1 O-O 10.e4 dxe4 11.Nxe4 Nxe4 12.Qxe4 Qc7 13.Bd3 g6  1/2-1/2

[Event "Club Tres Peons"]
[Site "?"]
[Date "1996.??.??"]
[Round "4"]
[White "Vidarte Morales, Arturo"]
[Black "Crespo Revilla, Josep Ma"]
[Result "1/2-1/2"]
[WhiteElo "2410"]
[BlackElo "2260"]

1.d4 d5 2.c4 c6 3.Nc3 Nf6 4.Nf3 e6 5.e3 Nbd7 6.Bd3 Bd6 7.O-O O-O 8.e4 dxe4
9.Nxe4 Nxe4 10.Bxe4 h6 11.Bc2 e5 12.c5 Bc7 13.Qd3 f5 14.dxe5 Nxe5 15.Qb3+ Kh8
16.Bf4 Nxf3+ 17.Qxf3 Bxf4 18.Qxf4 Qf6 19.Bb3 Be6 20.Rad1 Bxb3 21.axb3 Qxb2
22.Rd7 Qxb3 23.Qc7 Rac8 24.Qe5 Rf7 25.Rd6 Kg8 26.Rfd1 Rcf8 27.h4 Qc2 28.R1d3 f4
29.Rd7 Qc4 30.R3d4 Qa2 31.Rd2 Qb1+ 32.Rd1 Qg6 33.R1d3 Qg4 34.Rxf7 Rxf7 35.Rd8+ Rf8
36.Rxf8+ Kxf8 37.Qb8+ Ke7 38.Qxa7 Qd7  1/2-1/2

[Event "Copenhagen-ch"]
[Site "Copenhagen"]
[Date "1996.??.??"]
[Round "2"]
[White "Schandorff, Lars"]
[Black "Bjerring, Kai"]
[Result "1-0"]
[WhiteElo "2485"]
[BlackElo "2365"]

1.d4 d5 2.c4 c6 3.Nc3 Nf6 4.e3 e6 5.Nf3 Nbd7 6.Qc2 Bd6 7.g4 Nxg4 8.Rg1 h5
9.h3 f5 10.cxd5 cxd5 11.Nb5 Bb8 12.Bd2 a6 13.Rc1 axb5 14.Qxc8 O-O 15.Qxd8 Rxd8
16.hxg4 hxg4 17.Ng5 Nf8 18.a3 Bd6 19.Bxb5 Be7 20.f4 Bxg5 21.fxg5 Nh7 22.g6 Nf8
23.Rc7 Rab8 24.Ke2 Nxg6 25.Rgc1 Kh7 26.Rh1+ Kg8 27.Rhc1 Kh7 28.Rh1+ Kg8 29.a4 Nf8
30.Bb4 Ng6 31.Be1 f4 32.Bd3  1-0

[Event "Copenhagen KS"]
[Site "Copenhagen"]
[Date "1996.??.??"]
[Round "8"]
[White "Schandorff, Lars"]
[Black "Hector, Jonny"]
[Result "1-0"]
[WhiteElo "2495"]
[BlackElo "2525"]

1.d4 d5 2.c4 c6 3.Nc3 Nf6 4.e3 e6 5.Nf3 Nbd7 6.Bd3 dxc4 7.Bxc4 b5 8.Bd3 a6
9.e4 c5 10.d5 c4 11.dxe6 fxe6 12.Bc2 Qc7 13.O-O Bc5 14.Qe2 Ne5 15.Nxe5 Qxe5
16.Kh1 Bb7 17.f4 Qh5 18.Qxh5+ Nxh5 19.e5 O-O-O 20.Be4 g6 21.Bxb7+ Kxb7 22.Ne4 Be7
23.Be3 Rd5 24.g4 Ng7 25.Kg2 Rc8 26.a3 Rd3 27.Bd2 Nf5 28.gxf5 gxf5 29.Bb4 Bxb4
30.Nf2 Rb3 31.axb4 Rxb2 32.Rfb1 Rxb1 33.Rxb1 a5 34.bxa5 Ka6 35.Ra1 b4 36.Kf3 b3
37.Ke3 Rd8 38.Nd1 Rd3+ 39.Ke2 Rh3 40.Kd2 h5 41.Rc1 Rxh2+ 42.Kc3 h4 43.Kb4 Rc2
44.Rb1 h3 45.Ne3 Rf2 46.Nxc4 h2 47.Rh1 b2 48.Kc3 Rxf4 49.Nxb2 Rh4 50.Nc4 Kb5
51.Nd2 Kxa5 52.Kd3 Rh3+ 53.Ke2 Kb4 54.Nf3 Kc5 55.Ke3 Rh8 56.Rxh2 Rg8 57.Rc2+ Kd5
58.Rd2+ Kc5 59.Rc2+ Kd5 60.Rd2+ Kc5 61.Rd6 Rg6 62.Nd4 Rg3+ 63.Kf2  1-0

[Event "Politiken Cup"]
[Site "Copenhagen"]
[Date "1996.??.??"]
[Round "10"]
[White "Ostergaard, Jens"]
[Black "Sylvan, Jacob"]
[Result "1/2-1/2"]
[WhiteElo "2300"]
[BlackElo "2265"]

1.d4 d5 2.c4 e6 3.Nc3 c6 4.e3 Nf6 5.Nf3 Nbd7 6.Bd3 dxc4 7.Bxc4 b5 8.Bd3 Bb7
9.O-O a6 10.e4 c5 11.d5 Be7 12.dxe6 fxe6 13.Qe2 O-O 14.Ng5 Ne5 15.Bc2 Nfg4
16.Nh3 Nf6 17.Rd1 Qb6 18.Bf4 Ng6 19.Bg3 Qc6 20.f3 Nh5 21.e5 Nxg3 22.hxg3 c4
23.f4 Rad8 24.Ne4 Rfe8 25.Kh2 Nf8 26.Nhg5 b4 27.Nd6 Bxd6 28.exd6 Qb6 29.Ba4 Bc6
30.Bxc6 Qxc6 31.Ne4 Nd7 32.a3 b3 33.Rac1 Nb6 34.Qf3 Qb5 35.d7 Re7 36.Nd6 Qa4
37.Qb7 Nd5 38.Rxc4 Qxd7 39.Qxd7 Rexd7 40.Ne4 Rb8 41.Nc3 Ne3 42.Rxd7 Nxc4
43.Na4 Nxa3 44.bxa3 b2 45.Nxb2 Rxb2 46.Ra7 Rb6 47.Kh3 h6 48.Kh4 Kh7 49.a4 Kg6
50.a5 Rd6 51.Kg4 Kf6 52.Kf3 Rc6 53.g4 Rc3+ 54.Ke4 Rc4+ 55.Ke3 Rc3+ 56.Kd4 Rg3
57.Ke4 Rxg4 58.Kf3 h5 59.g3 g5 60.fxg5+ Kxg5 61.Rxa6 Ra4 62.Ra8 Ra3+ 63.Kf2 Kg4
64.a6 Ra2+ 65.Ke3  1/2-1/2

[Event "Politiken Cup"]
[Site "Copenhagen"]
[Date "1996.??.??"]
[Round "11"]
[White "Sher, Miron N"]
[Black "Wells, Peter K"]
[Result "1/2-1/2"]
[WhiteElo "2500"]
[BlackElo "2495"]

1.c4 Nf6 2.Nc3 e6 3.Nf3 d5 4.e3 c6 5.d4 Nbd7 6.Qc2 Bd6 7.Be2 O-O 8.O-O dxc4
9.Bxc4 b5 10.Be2 Bb7 11.Ng5 Qb8 12.h3 b4 13.Nce4 c5 14.dxc5 Nxe4 15.Nxe4 Nxc5
16.Ng5 g6 17.Bf3 Rc8 18.Bxb7 Qxb7 19.Qe2 Be7 20.Nf3 Bf6 21.Nd4 a5 22.Rd1 Rd8
23.Bd2 e5 24.Nb3 Nxb3 25.axb3 e4 26.Be1 Rd5 27.Rdc1 Rd3 28.Rc5 Rxb3 29.Qc4 Rd3
30.Rcxa5 Rxa5 31.Rxa5 Rd1 32.Kf1 Qd7 33.Qxb4 Qd3+ 34.Kg1 Kg7 35.Kh2 Qf1 36.Bc3 Qxf2
37.Bxf6+ Qxf6 38.Qxe4 Qxb2 39.Qe5+ Qxe5+ 40.Rxe5  1/2-1/2

[Event "Corsico op"]
[Site "Corsico"]
[Date "1996.??.??"]
[Round "2"]
[White "Ubezio, Marco"]
[Black "Marchio, Enrico"]
[Result "1/2-1/2"]
[WhiteElo "2195"]
[BlackElo "2270"]

1.d4 d5 2.Nf3 c6 3.e3 Nf6 4.c4 e6 5.Nc3 Nbd7 6.Qc2 Be7 7.b3 O-O 8.Bd3 Re8
9.O-O Bd6 10.e4 dxe4 11.Nxe4 Nxe4 12.Bxe4 h6 13.Bb2 e5 14.Rad1 Qc7 15.c5 Bf8
16.Nxe5 Nf6 17.Bf5 Nd5 18.a3 Be6 19.Rfe1 g6 20.Bxe6 Rxe6 21.Bc1 Rae8 22.Be3 Bg7
23.Nc4 Qf4 24.Qd2 Qh4 25.g3 Qg4 26.Kg2 Qe4+ 27.f3 Nxe3+ 28.Rxe3 Qxe3 29.Nxe3 Rxe3
30.Qb4 Re2+ 31.Kh3 R8e3 32.Qxb7 Rxf3 33.Qxc6 Rff2 34.Qh1 Rc2 35.b4 g5 36.Rd3 h5
37.g4 Bxd4 38.gxh5 Be5 39.Rg3 f6 40.Qd5+ Kh8 41.Qa8+ Kh7 42.Qxa7+ Kh6 43.Qa8 f5
44.Qc6+ Kxh5 45.Qe8+ Kh6 46.Qe6+ Kh5 47.Qf7+ Kh6  1/2-1/2

[Event "CZE-chT 9596"]
[Site "?"]
[Date "1996.??.??"]
[Round "5"]
[White "Borik, Otto"]
[Black "Knazovcik, Ladislav"]
[Result "0-1"]
[WhiteElo "2400"]
[BlackElo "2330"]

1.d4 d5 2.Nf3 Nf6 3.c4 c6 4.Nc3 e6 5.e3 Nbd7 6.Qc2 Be7 7.Bd2 O-O 8.O-O-O a6
9.e4 Nxe4 10.Nxe4 dxe4 11.Qxe4 Nf6 12.Qh4 b5 13.Ne5 Bb7 14.Bd3 bxc4 15.Nxc4 c5
16.Ba5 Qxd4 17.Qh3 Be4 18.Bc3 Qxf2 19.Rd2 Qf5 20.Qxf5 Bxf5 21.Bxf5 exf5 22.Bxf6 Bxf6
23.Rd5 Rfe8 24.Rxf5 Re2 25.g4 Rb8 26.Rxc5 h6 27.Ra5 Bxb2+ 28.Kd1 Rg2 29.Rxa6 Rxg4
30.Ra4 Bf6 31.Kc2 Rg2+ 32.Kd3 Rd8+ 33.Ke3 Rc2 34.Na5 Bg5+ 35.Kf3 Rc3+ 36.Ke4  0-1

[Event "CZE-chT2b 9596"]
[Site "CZE"]
[Date "1996.??.??"]
[Round "?"]
[White "Kratochvil, Milos"]
[Black "Cejkova, Miroslava"]
[Result "1-0"]
[WhiteElo "2055"]
[BlackElo "2080"]

1.d4 d5 2.c4 e6 3.Nc3 c6 4.e3 Nf6 5.Nf3 Nbd7 6.Bd3 dxc4 7.Bxc4 b5 8.Bd3 a6
9.e4 c5 10.d5 c4 11.Bc2 Nc5 12.O-O Be7 13.Nd4 Bd7 14.Re1 O-O 15.d6 Bxd6 16.e5 b4
17.Nb1 b3 18.axb3 cxb3 19.Nxb3 Nxb3 20.Bxb3 Bb4 21.exf6 Bxe1 22.fxg7 Bxf2+
23.Kxf2 Qh4+ 24.Kg1 Rfd8 25.Be3 Bb5 26.Qc1 Rac8 27.Nc3 Rd6 28.Bc2 Rc4 29.Bf2 Qd8
30.Qh6 f5 31.Bb3 Rcc6 32.Re1 Qd7 33.Qf6 Qxg7 34.Rxe6 Qxf6 35.Rxf6+ Kg7 36.Rxd6 Rxd6
37.Nxb5 axb5 38.Kf1 Rd2 39.Ke1 Rd7 40.h3 Kf6 41.Ke2 Ke5 42.Bc2 Rb7 43.b4 Rg7
44.Kf3 Rd7 45.Be3 Rd8 46.Bf4+ Kf6 47.Ke3 Rd7 48.Bd3 Rd5 49.g3 Rd7 50.Kd2 Rd5
51.Kc3 Ke6 52.Be2 Kf6 53.Bf3 Rd8 54.h4 Ke6 55.Bh5 Rc8+ 56.Kb3 Rd8 57.Be2 Rd5
58.Kc3 Ke7 59.Bf3 Rd7 60.Bc6  1-0

[Event "CZE-chT1 9596"]
[Site "CZE"]
[Date "1996.??.??"]
[Round "?"]
[White "Orsag, Milan"]
[Black "Kotek, Daniel"]
[Result "0-1"]
[WhiteElo "2390"]
[BlackElo "2360"]

1.d4 e6 2.Nf3 d5 3.c4 c6 4.e3 Nf6 5.Nc3 Bd6 6.Qc2 O-O 7.Be2 Nbd7 8.O-O e5
9.cxd5 cxd5 10.dxe5 Nxe5 11.h3 a6 12.Rd1 Qc7 13.Qb3 Rd8 14.Nd4 Qe7 15.Qc2 Bb8
16.e4 dxe4 17.Nxe4 Nd5 18.Ng3 Ba7 19.Nf3 Ng6 20.Bg5 f6 21.Bd2 Be6 22.Rac1 Rac8
23.Qe4 Bf7 24.Qg4 Rxc1 25.Rxc1 h5 26.Qa4 Ne5 27.Nf5 Nxf3+ 28.Bxf3 Qe5 29.Qc2 Bg6
30.Bxd5+ Rxd5 31.Qc8+ Kh7 32.Nh6 Bxf2+ 33.Kh1 Rxd2  0-1

[Event "CZE-chT2c 9596"]
[Site "CZE"]
[Date "1996.??.??"]
[Round "3"]
[White "Michenka, Jozef"]
[Black "Knazovcik, Ladislav"]
[Result "1-0"]
[WhiteElo "2360"]
[BlackElo "2310"]

1.d4 d5 2.c4 c6 3.Nc3 Nf6 4.Nf3 e6 5.e3 Be7 6.Bd3 dxc4 7.Bxc4 b5 8.Bd3 Bb7
9.e4 b4 10.Na4 Nbd7 11.O-O O-O 12.Qc2 h6 13.e5 Nd5 14.Qe2 Qa5 15.Qe4 g6 16.Bc2 Kg7
17.Nh4 Bxh4 18.Qxh4 Rh8 19.Bd2 c5 20.Nxc5 Nxc5 21.dxc5 Qxc5 22.Rac1 Qb6 23.Bb3 Qd8
24.Qh3 a5 25.Rfd1 Qe7 26.Rc4 h5 27.Qg3 Rhc8 28.Bg5 Qf8 29.Rh4 Kh8 30.Qh3 Kg8
31.g4 a4 32.Bxd5 Bxd5 33.gxh5 Qg7 34.Bf6 Qh6 35.Rxd5 Qc1+ 36.Kg2 Qc6 37.Rd4 g5
38.Qg4 Kh7 39.Qe4+ Kh6 40.Bxg5+  1-0

[Event "Decin op"]
[Site "Decin"]
[Date "1996.??.??"]
[Round "2"]
[White "Tolstikh, Nikolay"]
[Black "Volodin, Viktor"]
[Result "1/2-1/2"]
[WhiteElo "2420"]
[BlackElo "2330"]

1.Nf3 d5 2.d4 Nf6 3.c4 e6 4.Nc3 c6 5.e3 Nbd7 6.Bd3 dxc4 7.Bxc4 b5 8.Bd3 Bb7
9.a3 b4 10.Ne4 a5 11.Nxf6+ Nxf6 12.e4 Be7 13.Qe2 c5 14.dxc5 Bxc5 15.O-O O-O
16.Bg5 h6 17.Bh4 Be7 18.Rfd1 Qb6 19.Ne5 Rfd8 20.Nc4 Qd4 21.Bc2 Qc5 22.axb4 axb4
23.Rxa8 Bxa8 24.Rxd8+ Bxd8 25.Qd3 Be7 26.Bxf6 gxf6 27.b3 Bc6 28.h4 Bb5 29.e5 f5
30.Qg3+ Kh7 31.Qf4 Bxc4 32.bxc4 f6 33.exf6 Bxf6 34.h5 Qe5 35.Qd2 Qc3 36.Qd3 Be7
37.Qd1 Qe5 38.g4 Qc5 39.Qf1 Qxc4 40.Bb1 Qf4 41.gxf5 Qc1  1/2-1/2

[Event "Decin op"]
[Site "Decin"]
[Date "1996.??.??"]
[Round "8"]
[White "Capek, Ivan"]
[Black "Dolezal, R."]
[Result "1/2-1/2"]
[WhiteElo "2145"]
[BlackElo "2270"]

1.Nf3 d5 2.d4 Nf6 3.c4 c6 4.Nc3 e6 5.e3 Nbd7 6.Qc2 Be7 7.Be2 O-O 8.O-O Re8
9.b3 Bf8 10.Bb2 dxc4  1/2-1/2

[Event "DEN-chT 9697"]
[Site "?"]
[Date "1996.??.??"]
[Round "3"]
[White "Hoi, Carsten"]
[Black "Schandorff, Lars"]
[Result "0-1"]
[WhiteElo "2445"]
[BlackElo "2495"]

1.d4 d5 2.Nf3 Nf6 3.c4 c6 4.Nc3 e6 5.e3 Nbd7 6.Bd3 dxc4 7.Bxc4 b5 8.Bd3 Bb7
9.O-O a6 10.e4 c5 11.d5 c4 12.Bc2 Qc7 13.Nd4 Nc5 14.Bg5 O-O-O 15.b4 cxb3
16.axb3 b4 17.Na4 exd5 18.Qf3 Nxa4 19.e5 Nc5 20.exf6 g6 21.Rac1 Bd6 22.Rfe1 Rhe8
23.Re7 Rxe7 24.fxe7 Bxe7 25.Bd2 Bd6 26.Bxb4 Kb8 27.Bd2 Qe7 28.g3 Ne6 29.Be3 Rc8
30.Qd1 Bc5 31.Nxe6 Bxe3 32.fxe3 fxe6 33.Ra1 Qc5  0-1

[Event "DEN-chT9596"]
[Site "DEN"]
[Date "1996.??.??"]
[Round "4"]
[White "Berg, Klaus"]
[Black "Jelling, Erik"]
[Result "1/2-1/2"]
[WhiteElo "2420"]
[BlackElo "2415"]

1.d4 d5 2.c4 c6 3.Nc3 Nf6 4.e3 e6 5.Nf3 Nbd7 6.Bd3 Be7 7.O-O b6 8.b3 Bb7
9.Bb2 O-O 10.Qe2 Re8 11.e4 dxe4 12.Nxe4 c5 13.Rad1 Qc7 14.dxc5 bxc5 15.Rfe1 Rad8
16.Bc2 Nxe4 17.Bxe4 Bf6 18.Bxb7 Qxb7 19.Rd3 Bxb2 20.Qxb2 Nb8 21.Red1 Nc6
22.Rxd8 Rxd8 23.Rxd8+ Nxd8 24.Qe5 Qb6 25.h3 f6 26.Qe4 Qc6 27.Qe3 Qd6 28.Nd2 f5
29.f4 Nc6 30.Nf3 h6 31.Kf2 Nb4 32.Ke2 Nxa2 33.Qd2 Qxd2+ 34.Kxd2 Nb4 35.Ne5 a5
36.Kc3 g5 37.g3 gxf4 38.gxf4 Kg7 39.Kb2 Kg8 40.Ka3 Nc2+ 41.Ka4 Nd4 42.Nd3 Kf7
43.Nxc5 e5 44.fxe5 f4 45.Nd3 f3 46.Kxa5 Nxb3+ 47.Kb6 Ke6 48.c5 Nxc5 49.Kxc5 f2
50.Nxf2 Kxe5 51.Kc4 Kf4 52.Kd3 Kf3 53.Ne4 Kg2 54.h4 Kh3 55.h5 Kg4 56.Nf6+ Kf5
57.Ne8 Kg5 58.Ng7 Kf6 59.Ne8+ Kg5 60.Ng7 Kf6  1/2-1/2

[Event "DEN-chT9596"]
[Site "DEN"]
[Date "1996.??.??"]
[Round "5"]
[White "Rath, Ulrik"]
[Black "Nielsen, Tommy"]
[Result "1/2-1/2"]
[WhiteElo "2370"]
[BlackElo "2215"]

1.c4 Nf6 2.Nf3 e6 3.Nc3 d5 4.d4 c6 5.e3 Be7 6.Bd3 O-O 7.O-O b6 8.e4 dxe4
9.Nxe4 Nbd7 10.Qc2 Bb7 11.Rd1 h6 12.Bf4 Nxe4 13.Bxe4 Qc8 14.Ne5 Nxe5 15.Bxe5 Rd8
16.Rd3 f6 17.Bf4 f5 18.Bf3 Bf6 19.Rad1 c5 20.Bxb7 Qxb7 21.Be5 Bxe5 22.dxe5 Qc7
23.Rd6 Rxd6 24.Rxd6 Kf7 25.Qd3 Ke7 26.Qg3 Kf7 27.Qh4 Re8 28.g4 fxg4 29.Qxg4 Qe7
30.h4 Rd8 31.Qf4+ Kg8 32.Rxd8+  1/2-1/2

[Event "DEN-chT9596"]
[Site "DEN"]
[Date "1996.??.??"]
[Round "6"]
[White "Brondum, Eric"]
[Black "Pedersen, Finn"]
[Result "1/2-1/2"]
[WhiteElo "2245"]
[BlackElo "2275"]

1.d4 d5 2.c4 c6 3.Nf3 Nf6 4.Nc3 e6 5.e3 Nbd7 6.Bd3 Bd6 7.O-O O-O 8.e4 dxe4
9.Nxe4 Nxe4 10.Bxe4 h6 11.Bd2 e5 12.Bc3 f5 13.Bc2 e4 14.Ne5 Qc7 15.f4 exf3
16.Nxf3 Nf6 17.h3 Ne4 18.Be1 c5 19.d5 Bd7 20.Nd2 Be5 21.Nxe4 fxe4 22.Bc3 Bxc3
23.bxc3 Qe5 24.Qe2 Bf5 25.Qe3 b6 26.Rae1 Bg6 27.Rxf8+ Rxf8 28.Rf1 Rxf1+ 29.Kxf1 b5
30.cxb5 Qxd5 31.Bb3 c4 32.Ba4 Kh7 33.Bc2 Kh8 34.a4 Qd6 35.a5 Qa3 36.b6 axb6
37.axb6 Qa1+ 38.Ke2 Qb2 39.Kd1 Qb5 40.Kc1 Qc6 41.g4 Qa8 42.h4 Qa1+ 43.Kd2 Qb2
44.h5 Bh7 45.Kd1 Qa1+ 46.Kd2 Qb2 47.Kd1 Qa1+  1/2-1/2

[Event "Dresden op"]
[Site "Dresden"]
[Date "1996.??.??"]
[Round "5"]
[White "Klemm, Dietmar"]
[Black "Rogozenko, Dorin"]
[Result "0-1"]
[WhiteElo "2220"]
[BlackElo "2525"]

1.d4 d5 2.Nf3 Nf6 3.c4 c6 4.e3 e6 5.Nc3 Nbd7 6.Bd3 dxc4 7.Bxc4 b5 8.Be2 b4
9.Na4 Qa5 10.O-O Ba6 11.Bxa6 Qxa6 12.b3 Be7 13.a3 O-O 14.axb4 Bxb4 15.Ba3 Bxa3
16.Rxa3 c5 17.Qa1 cxd4 18.Qxd4 Rfe8 19.Rfa1 e5 20.Qd1 Qb7 21.Nd2 Red8 22.Nc4 e4
23.Qc2 Qc7 24.Nc3 Nc5 25.Nb5 Qb8 26.Nd4 Ng4 27.g3 Rc8 28.Qe2 h5 29.h3 Nf6
30.Nd2 a6 31.Ra5 Qb7 32.Nf5 Qd7 33.g4 hxg4 34.hxg4 Rab8 35.Rc1 Nd3 36.Rxc8+ Rxc8
37.Nc4 Rb8 38.g5 Rb5 39.gxf6 Qxf5 40.Rxa6 Rxb3 41.Ra8+ Kh7 42.Ra1 Qg5+ 43.Kf1 Qh4
44.Kg1 Rb5 45.f4 exf3 46.Qxd3+ g6  0-1

[Event "Dresden op"]
[Site "Dresden"]
[Date "1996.??.??"]
[Round "6"]
[White "Chekhov, Valery A"]
[Black "Namyslo, Holger"]
[Result "1/2-1/2"]
[WhiteElo "2535"]
[BlackElo "2275"]

1.d4 e6 2.c4 d5 3.Nf3 Nf6 4.Nc3 c6 5.e3 Nbd7 6.Bd3 dxc4 7.Bxc4 b5 8.Bd3 a6
9.e4 c5 10.d5 c4 11.Bc2 Qc7 12.O-O Bc5 13.dxe6 fxe6 14.Qe2 Ne5 15.Bf4 Nxf3+
16.Qxf3 e5 17.Bg5 O-O 18.Bxf6 gxf6 19.a4 Rb8 20.axb5 axb5 21.Nd5 Qg7 22.b3 Kh8
23.Rfb1 Bg4 24.Qg3 f5 25.exf5 Bxf5 26.Qxg7+ Kxg7 27.Bxf5 Rxf5 28.Ne3 Bxe3
29.fxe3 c3 30.b4 Rf7 31.Rc1 Rc8 32.Ra3 Rfc7 33.Rc2 Rc4 34.Kf2 Kg6 35.Kf3 Kf5
36.h3 h5 37.g3 e4+ 38.Ke2 Ke5 39.Rb3 Kd5 40.Ke1 Rg8 41.Kf2 Rf8+ 42.Kg2 Rfc8
43.Kf2 Rf8+  1/2-1/2

[Event "Dresden op"]
[Site "Dresden"]
[Date "1996.??.??"]
[Round "7"]
[White "Klemm, Dietmar"]
[Black "Wolski, Thomas"]
[Result "0-1"]
[WhiteElo "2220"]
[BlackElo "2345"]

1.d4 d5 2.Nf3 c6 3.c4 e6 4.e3 Nf6 5.Nc3 Nbd7 6.Bd3 dxc4 7.Bxc4 b5 8.Be2 Bb7
9.O-O a6 10.a3 c5 11.Qc2 Rc8 12.dxc5 Bxc5 13.b4 Bd6 14.Bb2 Qc7 15.h3 O-O
16.Rac1 Rfd8 17.Qb1 Qb6 18.Ng5 h6 19.Nge4 Be7 20.Ng3 Qa7 21.Nce4 Qa8 22.Bf3 Ne8
23.Rfd1 Nb6 24.Rxd8 Rxd8 25.Bd4 Nc4 26.Qb3 e5 27.Ba1 Kh8 28.Qc3 Bf8 29.Rc2 Nc7
30.Nd2 Bxf3 31.Nxf3 Rd1+ 32.Kh2 Nd5  0-1

[Event "Edinburgh"]
[Site "Edinburgh"]
[Date "1996.??.??"]
[Round "5"]
[White "Richardson, John R"]
[Black "Bryson, Douglas M"]
[Result "0-1"]
[WhiteElo "2310"]
[BlackElo "2380"]

1.d4 d5 2.c4 e6 3.Nc3 c6 4.Nf3 Nf6 5.e3 Nbd7 6.Bd3 dxc4 7.Bxc4 b5 8.Bd3 Bb7
9.O-O a6 10.e4 c5 11.d5 c4 12.Bc2 e5 13.Ne2 Bd6 14.Ng3 g6 15.Bd2 O-O 16.b3 cxb3
17.Bxb3 a5 18.a4 b4 19.Bc4 Ne8 20.Bh6 Ng7 21.Qe2 Nc5 22.Nd2 Qe7 23.Rfc1 Rfc8
24.Nb3 Ne8 25.Nf1 Nxb3 26.Bxb3 Bc5 27.Be3 Ba6 28.Qg4 Qa7 29.Bxc5 Rxc5 30.Ne3 Rac8
31.Re1 Rc3 32.Bd1 Nd6 33.Qg5 Re8 34.Ng4 Qe7 35.Nf6+ Kh8 36.h4 Rec8 37.f4 exf4
38.e5 Ne8 39.d6 Qa7+ 40.Kh1 Qf2 41.Bg4 Rg3 42.Rg1 Bb7  0-1

[Event "Edinburgh"]
[Site "Edinburgh"]
[Date "1996.??.??"]
[Round "5"]
[White "Pigott, John C"]
[Black "Ferguson, Mark"]
[Result "0-1"]
[WhiteElo "2360"]
[BlackElo "2385"]

1.d4 d5 2.c4 c6 3.Nf3 Nf6 4.Nc3 e6 5.e3 Nbd7 6.Bd3 dxc4 7.Bxc4 b5 8.Bd3 a6
9.a4 b4 10.Ne4 c5 11.O-O Bb7 12.Ned2 cxd4 13.exd4 a5 14.Nc4 Be7 15.Qe2 O-O
16.Nce5 Bd5 17.Bg5 Nxe5 18.dxe5 Nd7 19.Bf4 Nc5 20.Bb5 Qb6 21.Nd2 Rfd8 22.Qg4 Nb3
23.Nxb3 Bxb3 24.Bh6 g6 25.Be3 Qb7 26.Rac1 Rac8 27.h3 Bd5 28.Kh2 h5 29.Qg3 Be4
30.Rfd1 Rxd1 31.Rxd1 Bd5 32.Rd2 Bf8 33.f4 Bc6 34.Bd3 Bg7 35.b3 Bd5 36.Bc2 Rc3
37.Qf2 Bxb3 38.Bxb3 Rxb3 39.Rd8+ Kh7 40.Bb6 Ra3 41.Bxa5 Rxa4 42.Bb6 b3 43.Rd2 Bh6
44.Qe3 Qe4 45.Rb2 Ra2  0-1

[Event "RUS-ch"]
[Site "Elista"]
[Date "1996.??.??"]
[Round "1"]
[White "Sherbakov, Ruslan"]
[Black "Shabanov, Yuri"]
[Result "1-0"]
[WhiteElo "2555"]
[BlackElo "2405"]

1.d4 d5 2.c4 c6 3.Nf3 Nf6 4.Nc3 e6 5.e3 Nbd7 6.Bd3 Bd6 7.e4 dxe4 8.Nxe4 Nxe4
9.Bxe4 h6 10.O-O O-O 11.Bc2 e5 12.Re1 Bb4 13.Bd2 Bxd2 14.Qxd2 exd4 15.Qxd4 Qb6
16.Qc3 a5 17.Rad1 Nf6 18.Rd6 Qb4 19.Qe5 Qxc4 20.Bd3 Qg4 21.h3 Qh5 22.Qg3 Nd5
23.Re5 f5 24.Rg6 Rf7 25.Re8+ Kh7 26.Ne5 Rc7 27.f4  1-0

[Event "RUS-ch"]
[Site "Elista"]
[Date "1996.??.??"]
[Round "1"]
[White "Shariyazdanov, Andrey"]
[Black "Korneev, Oleg"]
[Result "1-0"]
[WhiteElo "2470"]
[BlackElo "2565"]

1.d4 d5 2.c4 e6 3.Nc3 c6 4.Nf3 Nf6 5.e3 Nbd7 6.Qc2 Bd6 7.Bd3 O-O 8.O-O dxc4
9.Bxc4 e5 10.h3 Qe7 11.a3 Bb8 12.Ba2 h6 13.Bd2 Re8 14.Nh4 Nf8 15.Nf5 Bxf5
16.Qxf5 Qc7 17.f4 exd4 18.exd4 Qd7 19.Qxd7 N8xd7 20.g4 Nb6 21.g5 hxg5 22.fxg5 Nfd5
23.Rf3 Bd6 24.Raf1 Re7 25.h4 g6 26.Kg2 Rae8 27.Kh3 Rd7 28.a4 Bf8 29.a5 Nc8
30.Nxd5 cxd5 31.h5 Bg7 32.Rxf7 Rxf7 33.Bxd5 Re2 34.Rxf7 Kh8 35.h6 Bxd4 36.Rf8+ Kh7
37.Bg8+ Kh8 38.Bc4+  1-0

[Event "RUS-ch"]
[Site "Elista"]
[Date "1996.??.??"]
[Round "1"]
[White "Makarov, Marat"]
[Black "Galkin, Alexander"]
[Result "1/2-1/2"]
[WhiteElo "2560"]
[BlackElo "2425"]

1.Nf3 d5 2.c4 c6 3.d4 Nf6 4.Nc3 e6 5.e3 Nbd7 6.Qc2 Bd6 7.Bd3 O-O 8.O-O dxc4
9.Bxc4 b5 10.Bd3 Bb7 11.Bd2 a6 12.Ng5 h6 13.Nge4 Be7 14.Nxf6+ Nxf6 15.Ne4 Nxe4
16.Bxe4 a5 17.a3 Bd6 18.Rfc1 Qb8 19.h3 Rc8 20.b4 axb4 21.axb4 Rxa1 22.Rxa1 Qc7
23.Rc1 Qe7 24.Qb3 Ra8 25.Bxc6 Bxc6 26.Rxc6 Ra1+ 27.Rc1 Rxc1+ 28.Bxc1 Bxb4
29.Bb2 Qd6 30.e4 Qe7 31.g3 Qd6 32.Kg2 Qe7 33.Bc1 Qd6 34.Be3 Kf8 35.Qb2 Kg8
36.h4 Qe7 37.Qb3 Qd6 38.g4 Qe7 39.h5 Bd6 40.Qxb5 Qh4 41.Qe8+ Kh7 42.Qxf7  1/2-1/2

[Event "RUS-ch (Women)"]
[Site "Elista"]
[Date "1996.??.??"]
[Round "2"]
[White "Sirotkina, Nina"]
[Black "Shumiakina, Tatiana"]
[Result "1/2-1/2"]
[WhiteElo "2245"]
[BlackElo "2350"]

1.d4 d5 2.c4 e6 3.Nc3 c6 4.e3 Nf6 5.Nf3 Nbd7 6.Qc2 Bd6 7.b3 O-O 8.Be2 b6
9.O-O Bb7 10.Bb2 Qe7 11.e4 Nxe4 12.Nxe4 dxe4 13.Qxe4 Nf6 14.Qh4 c5 15.dxc5 Bxc5  1/2-1/2

[Event "RUS-ch"]
[Site "Elista"]
[Date "1996.??.??"]
[Round "3"]
[White "Makarov, Marat"]
[Black "Shabanov, Yuri"]
[Result "1/2-1/2"]
[WhiteElo "2560"]
[BlackElo "2405"]

1.d4 d5 2.c4 c6 3.Nc3 Nf6 4.e3 e6 5.Nf3 Nbd7 6.Bd3 Bd6 7.e4 dxe4 8.Nxe4 Nxe4
9.Bxe4 O-O 10.O-O h6 11.Bc2 e5 12.Re1 Bb4 13.Bd2 Bxd2 14.Qxd2 exd4 15.Qxd4 Qb6
16.Qc3 c5 17.Rad1 Nf6 18.Qe5 Bd7 19.Rd6 Qa5 20.Red1 Rae8 21.Qf4 Re6 22.h3 Qc7
23.Qg3 Rxd6 24.Qxd6 Qxd6 25.Rxd6 Re8 26.Kf1 Kf8 27.a3 Be6 28.b3 Ke7 29.Rd2 a5
30.a4 Rd8 31.Rxd8 Kxd8 32.Ke2 Kc7 33.Ke3 Ne8 34.Nd2 Nd6 35.g4 g5 36.Ne4 Nxe4
37.Bxe4 Bc8 38.f4 Kd6 39.Kf3 b6 40.Ke3 Bd7 41.Kf3 Ke7  1/2-1/2

[Event "RUS-ch (Women)"]
[Site "Elista"]
[Date "1996.??.??"]
[Round "4"]
[White "Ershova, Svetlana"]
[Black "Rubzova, Tatiana"]
[Result "1/2-1/2"]
[WhiteElo "2155"]
[BlackElo "2270"]

1.d4 d5 2.c4 e6 3.Nc3 c6 4.e3 Nf6 5.Nf3 Nbd7 6.Qc2 Bd6 7.Be2 O-O 8.O-O dxc4
9.Bxc4 e5 10.Bd3 Re8 11.h3 exd4 12.exd4 Nf8 13.Bg5 Be7 14.Rfe1 Be6 15.Rad1 h6
16.Bh4 Nd5 17.Bxe7 Rxe7 18.Qd2 Qc7 19.Ne5 Rd8 20.Ne4 Nb6 21.Qb4 Ree8 22.Bb1 Bc8
23.Qc3 Nd5 24.Qa3 a6 25.Nc4  1/2-1/2